| 000 | 00559nam a22001937a 4500 | ||
|---|---|---|---|
| 003 | OSt | ||
| 005 | 20230907094244.0 | ||
| 008 | 230907b |||||||| |||| 00| 0 eng d | ||
| 020 | _a0205418244 | ||
| 040 | _cChuka University Library | ||
| 050 |
_aLB 2806.15 _b.W55 2005 |
||
| 100 |
_aWiles, Jon _912469 |
||
| 245 | _aCurriculum essentials: A resource for educators | ||
| 250 | _a2nd ed. | ||
| 260 |
_aBoston _bPearson _c2005 |
||
| 300 |
_a214p. _bIllustrated |
||
| 650 |
_aCurriculum planning _xHandbooks, manuals _zUnited states _912472 |
||
| 942 |
_2lcc _cBK _n0 |
||
| 999 |
_c15366 _d15366 |
||